Statistiken für Turkmenistan-Quiz

Klicken Sie hier um das Quiz zu spielen!

Allgemein

  • Dieses Quiz wurde 595 mal gespielt
  • Das Durchschnittsergebnis liegt bei 13 aus 20

Antwortstatistiken

FrageAntwort% Korrekt
NachbarlandUsbekistan
98%
NachbarlandKasachstan
94%
Land, von dem Turkmenistan 1991 unabhängig wurdeSowjetunion
94%
NachbarlandIran
92%
NachbarlandAfghanistan
91%
Zweite Verkehrssprache von Turkmenistan, nach TurkmenischRussisch
89%
Großes Binnenmeer, das im Westen an Turkmenistan grenztKaspisches Meer
87%
Hauptstadt von TurkmenistanAsgabat
84%
Wichtigstes ExportproduktErdgas
84%
Wie die Schweiz ist Turkmenistan offiziell _____Neutral
80%
Berühmter Gaskrater, der 1971 bei einer Bohrung in der obigen Wüste entstand und heute immer noch brenntTor zur {Hölle}
76%
Teures Baumaterial, aus dem ein Großteil der Gebäude der Hauptstadt gefertigt wurdenWeißer Marmor
61%
Der Achal-Tekkiner, das Nationaltier Turkmenistans, ist eine Rasse dieses SäugetiersPferd
60%
Turkmenistan hat einen Nationalfeiertag für diese von Hand gewebten ObjekteTeppiche
60%
Wichtigstes AnbauproduktBaumwolle
48%
Wüste, die einen Großteil Turkmenistans bedeckt{Kara}kum
43%
Bedeutung des Namens der HauptstadtStadt der {Liebe}
28%
Staatspräsident auf Lebenszeit von 1990–2006, der eine riesige Goldstatue von sich selbst errichten ließ; diese ist stets zur Sonne gerichtetSaparmurat Niyazov
25%
Währung von TurkmenistanManat
24%
"M" Stadt, die von Alexander dem Großen gegründet wurde und im 12.-13. Jahrhundert mit ca. 500'000 Bewohnern eine der bevölkerungsreichsten Städte der Welt warMerw
19%

Verteilung der Resultate

Perzentil nach korrekt beantworteten Fragen

Anzahl Personen mit jedem Resultat

Ihre Resultats-Entwicklung

Sie haben dieses Quiz noch nicht gespielt